00403nam a22001217a 4500003000400000082001400004100002000018245018100038260003500219300000700254650001200261653000800273SGT a617bC23S aSINGH, APRAJITA aComparative study of efficacy of ondansetron versus ondansetron and dexamethasone combination in preventing postoperative nausea and vomiting after laparoscopic cholecystectomy aGURUGRAMbSGT UNIVERSITYc2023 a60 aSURGERY aM.S